000 00856nam a2200205Ia 4500
001 15221
003 GE_BSU
008 181216s||||||||xx |||||||||||||| ||und||
040 _cGE_BSU
080 _a821.353.1-1+821.353.1-32
100 _aშატბერაშვილი,გიორგი
245 _aრჩეული. პოეზია, პროზა,წერილები.
245 _cრედ.გრიგოლ აბაშიძე. შემდგ. გივი გეგეჭკორი. მხატვ. ლორეტა შენგელია
260 _aთბილისი
260 _bსაბჭოთა საქართველო
260 _c1982
300 _a671გვ.1ფ.პორტრ.ილ.20სმ.
653 _aპოეზია, პროზა,წერილები.
942 _cBK
999 _c48333
_d48333